Hospodársko-politické limity reštrukturalizácie slovenskej ekonomiky v 90. rokoch
Deväťdesiate roky, napriek vysokej dynamike rastu, vytvorili málo priaznivé podmienky pre potrebnú reštrukturalizáciu ekonomiky. Neprepojenosť jednotlivých segmentov hospodárskej politiky v období tzv. transformačného oživenia (roky 1993-1998) vplývala nielen na rozsah, hĺbku a rýchlosť reštruktural...
Uložené v:
| Hlavný autor: | |
|---|---|
| Ďalší autori: | |
| Médium: | Kapitola |
| Jazyk: | Slovak |
| Predmet: | |
| Tagy: |
Žiadne tagy, Buďte prvý, kto otaguje tento záznam!
|
MARC
| LEADER | 00000naa a2200000 4500 | ||
|---|---|---|---|
| 001 | 0249680 | ||
| 005 | 20240502074008.8 | ||
| 041 | 0 | |a slo | |
| 044 | |a SK | ||
| 245 | 1 | 0 | |a Hospodársko-politické limity reštrukturalizácie slovenskej ekonomiky v 90. rokoch |c Elena Fifeková, Eduard Nežinský |
| 520 | |a Deväťdesiate roky, napriek vysokej dynamike rastu, vytvorili málo priaznivé podmienky pre potrebnú reštrukturalizáciu ekonomiky. Neprepojenosť jednotlivých segmentov hospodárskej politiky v období tzv. transformačného oživenia (roky 1993-1998) vplývala nielen na rozsah, hĺbku a rýchlosť reštrukturalizačných procesov, ale determinovala aj dôsledky rigidity hospodárskych štruktúr na udržanie rastovej dynamiky. Reakcia makroekonomických politík na rastúcu nerovnováhu. | ||
| 610 | 2 | 0 | |a Slovensko |
| 610 | 2 | 0 | |a reštrukturalizácia |
| 610 | 2 | 0 | |a nerovnováha hospodárska |
| 610 | 2 | 0 | |a dynamika ekonomiky |
| 100 | 1 | |a Fifeková, Elena | |
| 700 | 1 | |a Nežinský, Eduard, 1972- | |